[Event "Xtracon Chess Open 2017"]
[Site "Helsingor DEN"]
[Date "2017.07.27"]
[Round "7.92"]
[White "Moe, Mogens"]
[Black "Myrheim, Hakon Abeland"]
[Result "1-0"]
[WhiteTitle "FM"]
[WhiteElo "2188"]
[BlackElo "1880"]
[WhiteFideId "1400550"]
[BlackFideId "1526820"]
[EventDate "2017.07.22"]

1. e4 c5 2. Nf3 g6 3. d4 cxd4 4. Nxd4 Nc6 5. Nc3 Bg7 6. Be3 Nf6 7. Nxc6 bxc6 8.
Bc4 Qa5 9. O-O O-O 10. Bb3 Rd8 11. Re1 d5 12. exd5 cxd5 13. Bd4 Be6 14. Qf3 Rac8
15. h3 Ne8 16. Rad1 Nc7 17. Qe3 Qb4 18. Bxg7 Kxg7 19. Rd4 Qb7 20. Rh4 Rh8 21.
Qh6+ Kg8 22. Rd4 Rd8 23. h4 Qb6 24. Red1 f5 25. Qd2 Kg7 26. h5 Rhf8 27. h6+ Kf7
28. Nxd5 Nxd5 29. Bxd5 Rxd5 30. Rxd5 Bxd5 31. Qxd5+ Qe6 32. Qd4 Qf6 33. Qxf6+
Kxf6 34. Rd7 a5 35. Ra7 Rd8 36. Rxa5 Rd1+ 37. Kh2 Rd2 38. Rc5 Rxf2 39. a4 Ke6
40. a5 Rf1 41. b4 Rb1 42. c3 Ra1 43. Rc8 Kf6 44. Rc6+ Kf7 45. a6 e5 46. Kg3 e4
47. Kf4 g5+ 48. Kxf5 e3 49. Rf6+ Ke7 50. Re6+ Kf7 51. Rxe3 Rxa6 52. Rh3 Rf6+ 53.
Ke5 Re6+ 54. Kf5 Rf6+ 55. Kxg5 Rg6+ 56. Kf5 Rxg2 57. Ke5 Rd2 58. Rg3 Re2+ 59.
Kd5 Rh2 60. Rg7+ 1-0

[Event "Xtracon Chess Open 2017"]
[Site "Helsingor DEN"]
[Date "2017.07.27"]
[Round "7.93"]
[White "Jarlnaes, Erik"]
[Black "Grove, Peter"]
[Result "1/2-1/2"]
[WhiteElo "1880"]
[BlackElo "2182"]
[WhiteFideId "1414623"]
[BlackFideId "1411101"]
[EventDate "2017.07.22"]

1. c4 e5 2. Nc3 Nf6 3. g3 h6 4. Bg2 Bb4 5. d3 O-O 6. Bd2 c6 7. a3 Ba5 8. b4 Bc7
9. e4 d6 10. Rc1 Be6 11. Nge2 d5 12. exd5 cxd5 13. Nb5 Bb6 14. c5 Bc7 1/2-1/2

[Event "Xtracon Chess Open 2017"]
[Site "Helsingor DEN"]
[Date "2017.07.27"]
[Round "7.94"]
[White "Rolvag, Mikael"]
[Black "Larsen, Preben R."]
[Result "1-0"]
[WhiteElo "2182"]
[BlackElo "1860"]
[WhiteFideId "1500481"]
[BlackFideId "1425790"]
[EventDate "2017.07.22"]

1. d4 d5 2. c4 dxc4 3. Nf3 c6 4. e3 b5 5. a4 Qb6 6. axb5 cxb5 7. b3 cxb3 8. Qxb3
b4 9. Nbd2 e6 10. Nc4 Qc7 11. Na5 Bd7 12. Ne5 Nf6 13. Be2 Nc6 14. Naxc6 Bxc6 15.
Qc2 b3 16. Qxc6+ Qxc6 17. Nxc6 Bd6 18. O-O O-O 19. Bf3 Rac8 20. Rxa7 Nd5 21. Ra6
Rc7 22. e4 Ne7 23. Nxe7+ Bxe7 24. Rb6 Rfc8 25. Bb2 Rc2 26. Rxb3 g6 27. Rb7 Bf6
28. e5 Bg5 29. d5 exd5 30. Bxd5 R2c7 31. Rxc7 Rxc7 32. e6 fxe6 33. Bxe6+ Kf8 34.
Bd4 Ke7 35. Bh3 Rc2 36. Rd1 Bf4 37. g3 Bc7 38. Be3 Kf6 39. Rd7 Be5 40. Bf1 h5
41. h4 Rc3 42. Rb7 Ke6 43. Rb6+ Kf7 44. Rb7+ Ke6 45. Bh3+ Kd5 46. Rb5+ Kd6 47.
Rb6+ Rc6 48. Rxc6+ Kxc6 49. Be6 1-0

[Event "Xtracon Chess Open 2017"]
[Site "Helsingor DEN"]
[Date "2017.07.27"]
[Round "7.95"]
[White "Kistrup, Nicolai"]
[Black "Kalveus, Jan"]
[Result "1-0"]
[WhiteElo "2177"]
[BlackElo "1856"]
[WhiteFideId "1444816"]
[BlackFideId "1721682"]
[EventDate "2017.07.22"]

1. c4 f5 2. g3 Nf6 3. Bg2 e6 4. Nf3 c6 5. O-O d5 6. d3 Bd6 7. Nc3 O-O 8. e4 e5
9. cxd5 fxe4 10. dxe4 Bg4 11. Qb3 c5 12. Qxb7 Nbd7 13. h3 Bxf3 14. Bxf3 Qe7 15.
Qa6 h6 16. Qe2 Rab8 17. Nd1 Qf7 18. Bg2 Nh7 19. Ne3 g6 20. Nc4 Qf6 21. Bxh6 Rf7
22. Be3 g5 23. Rac1 Ndf8 24. Nxd6 Qxd6 25. Bxc5 Qf6 26. Bxf8 Nxf8 27. Rc6 Qg7
28. Rfc1 Ng6 29. Rc8+ Rf8 30. Rxb8 Rxb8 31. b3 Rf8 32. d6 Qh6 33. d7 g4 34. Rc8 1-0

[Event "Xtracon Chess Open 2017"]
[Site "Helsingor DEN"]
[Date "2017.07.27"]
[Round "7.96"]
[White "Nielsen, Aage Sondergaard"]
[Black "Sorensen, Torben Kyhl"]
[Result "1-0"]
[WhiteElo "1861"]
[BlackElo "2155"]
[WhiteFideId "1409859"]
[BlackFideId "1412248"]
[EventDate "2017.07.22"]

1. e4 g6 2. d4 Bg7 3. Nc3 c5 4. Nf3 cxd4 5. Nxd4 Nc6 6. Nxc6 bxc6 7. Bc4 d6 8.
O-O Bd7 9. Be3 Nf6 10. f3 O-O 11. Qd2 Qc7 12. Bh6 Rab8 13. Bxg7 Kxg7 14. Rab1
Be6 15. Bb3 Bxb3 16. axb3 e6 17. Ra1 d5 18. Ra4 Qb6+ 19. Kh1 Rfd8 20. e5 Nd7 21.
Rh4 Rh8 22. Qh6+ Kg8 23. f4 Qe3 24. g4 Qd2 25. Rg1 Rb4 26. Rf1 a5 27. Rh3 Qxc2
28. Rhf3 f5 29. R1f2 Qc1+ 30. Rf1 Qxb2 31. gxf5 exf5 32. Qg5 Kf7 33. e6+ Kxe6
34. Re3+ Kd6 35. Qe7+ Kc7 36. Qg7 Qd2 37. Re2 Qd4 38. Nb5+ cxb5 39. Rc1+ Kd8 40.
Qe7# 1-0

[Event "Xtracon Chess Open 2017"]
[Site "Helsingor DEN"]
[Date "2017.07.27"]
[Round "7.97"]
[White "Eriksson, Kristian"]
[Black "Satre, Roger"]
[Result "1-0"]
[WhiteElo "2093"]
[BlackElo "1832"]
[WhiteFideId "1705172"]
[BlackFideId "1510320"]
[EventDate "2017.07.22"]

1. e4 e6 2. d4 d5 3. Nc3 Bb4 4. e5 c5 5. Bd2 Nc6 6. Nb5 Bxd2+ 7. Qxd2 Nxd4 8.
Nxd4 cxd4 9. f4 Ne7 10. Nf3 Nc6 11. O-O-O Qa5 12. Qxa5 Nxa5 13. Nxd4 a6 14. Bd3
Nc6 15. Nf3 Nb4 16. a3 Nxd3+ 17. Rxd3 Bd7 18. Nd4 O-O 19. Re1 b5 20. Kd2 Rfb8
21. b4 Rc8 22. Nb3 Rc4 23. g3 Rac8 24. Nc5 Rc7 25. Rc3 Bc8 26. Rxc4 bxc4 27. Kc3
Kf8 28. Kd4 Ke7 29. a4 Ra7 30. Rb1 Ra8 31. b5 axb5 32. axb5 Rb8 33. b6 Bd7 34.
b7 Bc6 35. Rb6 1-0

[Event "Xtracon Chess Open 2017"]
[Site "Helsingor DEN"]
[Date "2017.07.27"]
[Round "7.98"]
[White "Mejvik, Jacob"]
[Black "Rasmussen, Henrik"]
[Result "1-0"]
[WhiteElo "2085"]
[BlackElo "1822"]
[WhiteFideId "1710621"]
[BlackFideId "1437011"]
[EventDate "2017.07.22"]

1. d4 Nf6 2. Bg5 c5 3. d5 Qb6 4. Nc3 Qxb2 5. Bd2 Qb6 6. e4 d6 7. f4 e6 8. Rb1
Qd8 9. Bb5+ Bd7 10. dxe6 fxe6 11. Bc4 Nxe4 12. Nxe4 d5 13. Qh5+ Ke7 14. Bxd5
exd5 15. Qe5+ Kf7 16. Ng5+ Kg6 17. N1f3 Qe7 18. Rxb7 Qd6 19. f5+ Kh5 20. Qe2 Qe7
21. Ne5+ 1-0

[Event "Xtracon Chess Open 2017"]
[Site "Helsingor DEN"]
[Date "2017.07.27"]
[Round "7.99"]
[White "Andersen, Dag"]
[Black "Jacobsen, Fredrik Beer"]
[Result "1-0"]
[WhiteElo "1855"]
[BlackElo "2081"]
[WhiteFideId "1504568"]
[BlackFideId "1507044"]
[EventDate "2017.07.22"]

1. d4 d5 2. Nf3 Bf5 3. Bf4 e6 4. e3 Bd6 5. Bg3 Nf6 6. Nbd2 Nbd7 7. Be2 h6 8. Ne5
O-O 9. Bd3 Bxe5 10. dxe5 Ne4 11. Bxe4 dxe4 12. Qe2 Qe7 13. O-O-O a6 14. h3 b5
15. Bf4 a5 16. g4 Bg6 17. h4 a4 18. h5 Bh7 19. Rdg1 a3 20. b3 Qb4 21. Nb1 Rfd8
22. g5 hxg5 23. Rxg5 Nc5 24. Rhg1 Nd3+ 25. cxd3 Rxd3 26. Rxg7+ Kh8 27. Rxf7 Rxb3
28. axb3 a2 29. Qxa2 Rxa2 30. Rxc7 Bg6 31. hxg6 Ra8 32. g7+ Kg8 33. Rh1 1-0

[Event "Xtracon Chess Open 2017"]
[Site "Helsingor DEN"]
[Date "2017.07.27"]
[Round "7.100"]
[White "Trost, Martin"]
[Black "Nielsen, Jorgen Lovgren"]
[Result "0-1"]
[WhiteElo "1844"]
[BlackElo "2063"]
[WhiteFideId "1710737"]
[BlackFideId "1403850"]
[EventDate "2017.07.22"]

1. e4 e5 2. Nf3 Nc6 3. d4 exd4 4. Bc4 Nf6 5. e5 d5 6. Bb5 Ne4 7. Nxd4 Bd7 8.
Bxc6 bxc6 9. O-O Bc5 10. f3 Ng5 11. f4 Ne4 12. Be3 Bb6 13. Nd2 Nxd2 14. Qxd2 c5
15. Nf3 d4 16. Bf2 Bc6 17. Bh4 Qd7 18. a4 a5 19. Qd3 Qg4 20. h3 Qxf4 21. Rae1 c4
22. Qa3 Kd7 23. e6+ Kc8 24. Ne5 Qxh4 25. Nxc6 fxe6 26. Ne7+ Kd7 27. Rf7 Qxe1+
28. Kh2 Rhf8 29. Qf3 Rxf7 30. Qxf7 Qe5+ 31. Kh1 Qf6 0-1

[Event "Xtracon Chess Open 2017"]
[Site "Helsingor DEN"]
[Date "2017.07.27"]
[Round "7.101"]
[White "Stam, Bart"]
[Black "Subramanian, Aditya"]
[Result "0-1"]
[WhiteElo "1854"]
[BlackElo "2054"]
[WhiteFideId "1006240"]
[BlackFideId "1718924"]
[EventDate "2017.07.22"]

1. e4 e5 2. Nf3 Nc6 3. Bc4 Bc5 4. c3 Nf6 5. b4 Be7 6. d3 O-O 7. O-O d5 8. exd5
Nxd5 9. h3 Bf6 10. Qb3 Nb6 11. Nbd2 Nxc4 12. dxc4 Qd3 13. Re1 Qg6 14. Kh2 Bf5
15. b5 e4 16. Ng1 Ne5 17. Ba3 Rfd8 18. Nf1 Nd3 19. Re2 Be5+ 20. g3 h5 21. h4 Bg4
22. Rd2 Qf6 23. Kg2 Bf3+ 24. Nxf3 Qxf3+ 25. Kg1 e3 26. fxe3 Bxg3 27. Qd1 Bf2+
28. Kh2 Qf5 29. Ng3 Bxg3+ 30. Kxg3 Qg6+ 31. Kh2 Qe4 32. Qxh5 Ne5 33. Rg2 Rd2 34.
Rxd2 Nf3+ 35. Kh3 Nxd2 36. Rg1 Re8 37. Qg5 Qe6+ 38. Qg4 b6 39. Qxe6 Rxe6 40. Rg3
Nxc4 41. Bb4 Rxe3 42. Rxe3 Nxe3 43. Ba3 g6 44. Kg3 f5 45. Kf3 Nc4 46. Be7 Kf7
47. Bd8 Na3 48. c4 Nxc4 49. Bxc7 Na3 50. Bb8 Nxb5 51. Ke3 a6 52. a4 Nc3 53. a5
bxa5 54. Kd4 Ne2+ 55. Ke3 Nc1 56. Bd6 Ke6 57. Ba3 Na2 58. Kd4 Nb4 59. Kc5 f4 0-1

[Event "Xtracon Chess Open 2017"]
[Site "Helsingor DEN"]
[Date "2017.07.27"]
[Round "7.102"]
[White "Ingebretsen, Jens E"]
[Black "Hansen, Simon L."]
[Result "1-0"]
[WhiteElo "2053"]
[BlackElo "1819"]
[WhiteFideId "1522965"]
[BlackFideId "1446894"]
[EventDate "2017.07.22"]

1. e4 c5 2. Nf3 d6 3. d4 cxd4 4. Qxd4 Nc6 5. Bb5 Bd7 6. Qd3 g6 7. O-O Bg7 8. Nc3
a6 9. Bc4 Nf6 10. Nd5 Rc8 11. Bg5 Na5 12. Bb3 Bb5 13. c4 Nxc4 14. Rfc1 Nxb2 15.
Qd4 Nd3 16. Nxf6+ exf6 17. Rxc8 Qxc8 18. Bxf6 Bxf6 19. Qxf6 O-O 20. Ng5 Bc4 21.
Bxc4 Qxc4 22. Qxd6 Rc8 23. h4 h6 24. Nf3 Qxe4 25. Rd1 Rc1 26. Rxc1 Nxc1 27. Qd2
Qb1 28. Kh2 Nxa2 29. Qxh6 Qb2 30. Qf4 a5 31. h5 Qb4 32. Qb8+ Kg7 33. h6+ Kh7 34.
g3 Nc3 35. Qe5 Qf8 36. Qxc3 Qxh6+ 37. Kg2 b6 38. Qc7 Qf8 39. Qxb6 Qb4 40. Qxb4
axb4 41. Nd4 Kg7 42. Kf3 Kf6 43. Kf4 g5+ 44. Ke4 Kg6 45. Ke5 f6+ 46. Ke6 g4 47.
Kd5 Kg5 48. Kc4 f5 49. Kxb4 Kf6 50. Kc3 Ke5 51. Nxf5 Kxf5 52. Kd4 1-0

[Event "Xtracon Chess Open 2017"]
[Site "Helsingor DEN"]
[Date "2017.07.27"]
[Round "7.103"]
[White "Lodahl, Holger Ronnow"]
[Black "Skjoldager, Mikael"]
[Result "0-1"]
[WhiteElo "1838"]
[BlackElo "2050"]
[WhiteFideId "1427342"]
[BlackFideId "1434314"]
[EventDate "2017.07.22"]

1. d4 Nf6 2. c4 g6 3. f3 d5 4. cxd5 Nxd5 5. e4 Nb6 6. Nc3 Bg7 7. Be3 O-O 8. Qd2
Re8 9. O-O-O c6 10. h4 h5 11. Be2 e5 12. d5 cxd5 13. exd5 Bd7 14. Nh3 Na6 15.
Nf2 Rc8 16. Kb1 Nb4 17. a3 Na6 18. g4 Na4 19. Nfe4 N6c5 20. Nd6 Bxg4 21. fxg4
Qxd6 22. gxh5 e4 23. hxg6 fxg6 24. Bh6 Nb3 25. Qg5 Nxc3+ 26. bxc3 Qxa3 27. Bxg7
Qa1+ 28. Kc2 Qa2# 0-1

[Event "Xtracon Chess Open 2017"]
[Site "Helsingor DEN"]
[Date "2017.07.27"]
[Round "7.104"]
[White "Roder, Peter Ulrik"]
[Black "Frederiksen Kristian, Pade"]
[Result "1/2-1/2"]
[WhiteElo "2048"]
[BlackElo "1783"]
[WhiteFideId "1402471"]
[BlackFideId "1435205"]
[EventDate "2017.07.22"]

1. e4 e5 2. Nf3 Nc6 3. Bc4 Nf6 4. d3 Be7 5. O-O O-O 6. c3 d6 7. Re1 Na5 8. Nbd2
Nxc4 9. Nxc4 b5 10. Ne3 g6 11. Nf1 Kg7 12. d4 Nd7 13. Ng3 Bf6 14. Be3 Nb6 15. b3
Qe7 16. Qd2 Kg8 17. Bh6 Bg7 18. Bxg7 Kxg7 19. h3 c5 20. Rad1 Bb7 21. dxe5 dxe5
22. Qd6 Rfe8 23. Qxe7 Rxe7 24. Rd6 f6 25. Red1 Kf7 26. Kf1 Re6 27. R6d2 Ree8 28.
Ke2 Ke7 29. h4 Red8 30. h5 Rxd2+ 31. Rxd2 Bc6 32. Rd1 Be8 33. hxg6 hxg6 34. Rh1
Bf7 35. Rh7 Nd7 36. Rh1 1/2-1/2

[Event "Xtracon Chess Open 2017"]
[Site "Helsingor DEN"]
[Date "2017.07.27"]
[Round "7.105"]
[White "Kristiansen, Willy"]
[Black "Nettelbeck, Jann"]
[Result "1-0"]
[WhiteElo "2041"]
[BlackElo "1790"]
[WhiteFideId "1504525"]
[BlackFideId "12975672"]
[EventDate "2017.07.22"]

1. d4 Nf6 2. c4 e6 3. g3 d5 4. Nf3 Be7 5. Bg2 O-O 6. O-O dxc4 7. Qc2 a6 8. Qxc4
b5 9. Qc2 Bb7 10. Bg5 Be4 11. Qc1 c6 12. Nbd2 Bg6 13. Nb3 Ne4 14. Bxe7 Qxe7 15.
Ne5 Nd6 16. a4 Ra7 17. Na5 Rc7 18. Naxc6 Nxc6 19. Nxc6 Qd7 20. axb5 Nxb5 21. Qc5
Rfc8 22. Rxa6 Nd6 23. Ne5 Rxc5 24. Nxd7 Rb5 25. Rxd6 Rxb2 26. Bf3 Bf5 27. g4 Bb1
28. Rb6 Rxb6 29. Nxb6 1-0

[Event "Xtracon Chess Open 2017"]
[Site "Helsingor DEN"]
[Date "2017.07.27"]
[Round "7.106"]
[White "Kyrkjebo, Marte B."]
[Black "Tabaa, Ghayth"]
[Result "0-1"]
[WhiteElo "1833"]
[BlackElo "2041"]
[WhiteFideId "1511602"]
[BlackFideId "7603819"]
[EventDate "2017.07.22"]

1. e4 g6 2. d4 Bg7 3. Nc3 c6 4. Be3 d5 5. Nf3 Bg4 6. Be2 e6 7. h3 Bxf3 8. Bxf3
Ne7 9. O-O O-O 10. Qd2 Re8 11. Rad1 Nd7 12. Bh6 Bh8 13. Ne2 Qb6 14. c3 Qa5 15.
Nc1 Rad8 16. Qc2 Rc8 17. Qb1 Nf6 18. Bf4 dxe4 19. Bxe4 Nxe4 20. Qxe4 Qd5 21.
Rfe1 Red8 22. Qxd5 Rxd5 23. Be5 Bxe5 24. Rxe5 b6 25. Nd3 Rcd8 26. Rxd5 cxd5 27.
Re1 Nf5 28. Ne5 Rc8 29. Kf1 Nd6 30. f3 h5 31. Re2 Kg7 32. Nd3 Nf5 33. Kf2 h4 34.
Re1 a5 35. a3 Rb8 36. Re2 b5 37. Re1 b4 38. axb4 axb4 39. Nxb4 Nxd4 40. Nd3 Nc6
41. Ra1 Rb6 42. f4 f6 43. Rb1 e5 44. fxe5 fxe5 45. b4 Kf6 46. b5 Na7 47. Rb4 g5
48. c4 dxc4 49. Rxc4 Rxb5 50. Rc7 Ra5 51. Nc5 Nb5 52. Ne4+ Kf5 53. Rc4 Ra2+ 54.
Kf1 Nd4 55. Nd6+ Ke6 56. Nb7 Kd5 57. Rc5+ Ke4 58. Nd6+ Kf4 59. Nf7 Nf5 60. Nxe5
Ng3+ 61. Kg1 Ra1+ 62. Kf2 Rf1# 0-1

[Event "Xtracon Chess Open 2017"]
[Site "Helsingor DEN"]
[Date "2017.07.27"]
[Round "7.107"]
[White "Christiansen, Arne"]
[Black "Ski, Jonathan K."]
[Result "1/2-1/2"]
[WhiteElo "2040"]
[BlackElo "1771"]
[WhiteFideId "1402013"]
[BlackFideId "1521667"]
[EventDate "2017.07.22"]

1. Nf3 d5 2. d4 Nf6 3. c4 e6 4. Nc3 c6 5. e3 Nbd7 6. Bd3 dxc4 7. Bxc4 b5 8. Bd3
a6 9. O-O c5 10. Qe2 cxd4 11. Nxd4 Bb7 12. a3 Bd6 13. Rd1 O-O 14. e4 Qc7 15. h3
Nc5 16. Bc2 Be5 17. Qe3 Rfd8 18. b4 1/2-1/2

[Event "Xtracon Chess Open 2017"]
[Site "Helsingor DEN"]
[Date "2017.07.27"]
[Round "7.108"]
[White "De Coninck, Erik"]
[Black "Norevall, Ulf"]
[Result "1-0"]
[WhiteElo "2032"]
[BlackElo "1769"]
[WhiteFideId "233234"]
[BlackFideId "1705555"]
[EventDate "2017.07.22"]

1. Nf3 f5 2. d3 Nf6 3. c4 d6 4. g3 g6 5. Bg2 Bg7 6. Nc3 c6 7. Rb1 e5 8. O-O O-O
9. b4 e4 10. dxe4 fxe4 11. Ng5 d5 12. cxd5 cxd5 13. Qb3 Kh8 14. Rd1 Qb6 15. Nxd5
Nxd5 16. Qxd5 Qxf2+ 17. Kh1 Qxe2 18. Bf4 Bh6 19. Ne6 Bxe6 20. Qxe6 Qa6 21. Rd6 1-0

[Event "Xtracon Chess Open 2017"]
[Site "Helsingor DEN"]
[Date "2017.07.27"]
[Round "7.109"]
[White "Slettebo, Jan"]
[Black "Madison, Sigurd"]
[Result "1-0"]
[WhiteElo "2021"]
[BlackElo "1736"]
[WhiteFideId "1704958"]
[BlackFideId "1711806"]
[EventDate "2017.07.22"]

1. e4 e5 2. Nf3 d6 3. d4 Qe7 4. Nc3 Nf6 5. Bg5 c6 6. h3 h6 7. Be3 Nbd7 8. Qd3
exd4 9. Bxd4 d5 10. e5 c5 11. O-O-O cxd4 12. exf6 Nxf6 13. Qxd4 Be6 14. Bb5+ Kd8
15. Bc4 Kc7 16. Bxd5 Qc5 17. Bxe6 fxe6 18. Rhe1 Re8 19. Re5 Qb4 20. Nb5+ Kc8 21.
Qxa7 Nd7 22. Rxd7 1-0

[Event "Xtracon Chess Open 2017"]
[Site "Helsingor DEN"]
[Date "2017.07.27"]
[Round "7.110"]
[White "Amin, Idris"]
[Black "Schmied, Andreas"]
[Result "1-0"]
[WhiteElo "1819"]
[BlackElo "2010"]
[WhiteFideId "1746022"]
[BlackFideId "4625897"]
[EventDate "2017.07.22"]

1. e4 e5 2. Bc4 Nf6 3. d4 Nxe4 4. dxe5 c6 5. Qe2 Nc5 6. f4 Be7 7. Be3 d5 8. exd6
Qxd6 9. Nd2 O-O 10. O-O-O Qc7 11. Ngf3 b5 12. Bb3 a5 13. Ne5 Nxb3+ 14. Nxb3 Be6
15. Nd4 Bxa2 16. Qf3 Bd5 17. Qg4 Bc5 18. Nd3 Bxd4 19. Bxd4 f6 20. Rhe1 Na6 21.
h4 Qf7 22. h5 h6 23. f5 Rfe8 24. Re3 Bc4 25. Nf4 c5 26. Rxe8+ Rxe8 27. Bf2 Nc7
28. Bxc5 Nd5 29. Ne6 Nc7 30. Nd8 Be2 31. Qxe2 Rxe2 32. Nxf7 Na6 33. Rd8+ 1-0

[Event "Xtracon Chess Open 2017"]
[Site "Helsingor DEN"]
[Date "2017.07.27"]
[Round "7.111"]
[White "Schrodt, Sebastian"]
[Black "Hafstad, Leif"]
[Result "1-0"]
[WhiteElo "2007"]
[BlackElo "1735"]
[WhiteFideId "24675563"]
[BlackFideId "438030"]
[EventDate "2017.07.22"]

1. Nf3 e6 2. c4 d5 3. g3 Nf6 4. Bg2 Be7 5. b3 O-O 6. Bb2 Nbd7 7. O-O b6 8. e3 c6
9. Qc2 Bb7 10. d3 Rc8 11. Nbd2 Re8 12. Rfe1 Nc5 13. Rad1 Qc7 14. Be5 Qd8 15. e4
Ncd7 16. Bc3 Qc7 17. e5 Ng4 18. Nf1 Red8 19. Qe2 Nh6 20. Bd2 Bf8 21. Bxh6 gxh6
22. Nd4 a6 23. Rc1 c5 24. cxd5 Qxe5 25. Qg4+ Qg5 26. Qxg5+ hxg5 27. dxe6 Bxg2
28. Kxg2 cxd4 29. exd7 Rxc1 30. Rxc1 Rxd7 31. Rc6 Rd6 32. Rxd6 Bxd6 33. g4 Kg7
34. Kf3 Kg6 35. Ke4 Bc5 36. Ng3 Kf6 37. Kd5 Ke7 38. a4 Kd7 39. h3 Be7 40. Ne4 h6
41. f3 f6 42. Ng3 Bf8 43. Nf5 a5 44. Nxd4 Bg7 45. Nf5 Bf8 46. Ne3 Be7 47. Nc4
Bd8 48. Nd6 Be7 49. Nf5 Bf8 50. d4 Bb4 51. Nxh6 Bf8 52. Nf5 Bb4 53. h4 gxh4 54.
Nxh4 Bd2 55. Ng2 Bc1 56. f4 Bd2 57. f5 Bg5 58. Ne1 Bd2 59. Nd3 Be3 60. Nb2 Bf4
61. Nc4 Bc7 62. g5 fxg5 63. Ne5+ Ke7 64. Ng4 Kd7 65. f6 Bd8 66. Ne5+ Ke8 67. Ke6
Kf8 68. Nd7+ 1-0

[Event "Xtracon Chess Open 2017"]
[Site "Helsingor DEN"]
[Date "2017.07.27"]
[Round "7.112"]
[White "French, Max"]
[Black "Afsari-Rad, Aidin"]
[Result "0-1"]
[WhiteElo "2001"]
[BlackElo "1733"]
[WhiteFideId "426652"]
[BlackFideId "1527177"]
[EventDate "2017.07.22"]

1. d4 Nf6 2. c4 e6 3. Nf3 b6 4. a3 Bb7 5. Nc3 d5 6. Bg5 Be7 7. e3 O-O 8. Bd3 Ne4
9. Bxe7 Qxe7 10. Qc2 f5 11. Ne2 Nd7 12. cxd5 Bxd5 13. Rc1 c5 14. Nc3 Nxc3 15.
Qxc3 Rac8 16. Ke2 c4 17. Bb1 Nf6 18. Qb4 Qb7 19. Rhd1 Rfd8 20. a4 Qa6 21. Rc3
Bxf3+ 22. gxf3 Nd5 23. Qa3 Nxc3+ 24. bxc3 b5 25. a5 Qd6 26. Qb2 a6 27. e4 Qxh2
28. exf5 exf5 29. Bxf5 Re8+ 30. Be4 Qf4 31. Qb1 Rc6 32. d5 Rf6 33. Kf1 h5 34.
Rd4 Kf8 35. d6 Rxd6 36. Bd5 Qh2 37. f4 Rxd5 38. Qb4+ Kg8 0-1

[Event "Xtracon Chess Open 2017"]
[Site "Helsingor DEN"]
[Date "2017.07.27"]
[Round "7.113"]
[White "Kvaloy, Aksel Bu"]
[Black "Fossan, Andreas"]
[Result "1/2-1/2"]
[WhiteElo "1818"]
[BlackElo "1998"]
[WhiteFideId "1528815"]
[BlackFideId "1516108"]
[EventDate "2017.07.22"]

1. c4 e6 2. d4 Nf6 3. Nc3 Bb4 4. Qc2 Nc6 5. Nf3 d5 6. Bg5 h6 7. Bxf6 Qxf6 8. e3
O-O 9. Bd3 dxc4 10. Bxc4 e5 11. dxe5 Nxe5 12. Nxe5 Qxe5 13. O-O Bd6 14. g3 c6
15. Rfd1 Bg4 16. Be2 Bxe2 17. Nxe2 Rad8 18. Nf4 Be7 19. Rd3 Bf6 20. Rad1 Rxd3
21. Nxd3 Qe4 22. Qb3 Rd8 23. Kf1 g5 24. Nc5 Rxd1+ 25. Qxd1 Qc4+ 26. Nd3 Qxa2 27.
Qc2 Qa5 28. Ke2 Qb5 29. b4 a5 30. bxa5 Qxa5 31. Qb3 b5 32. Nb4 c5 33. Nd5 Bg7
34. Ne7+ Kf8 35. Nf5 c4 36. Qd1 Qb6 37. Qd7 Qb8 38. Nd6 Kg8 39. Qxf7+ Kh8 40.
Ne8 Qe5 41. Nxg7 Qb2+ 42. Kf3 Qxg7 43. Qe8+ Qg8 1/2-1/2

[Event "Xtracon Chess Open 2017"]
[Site "Helsingor DEN"]
[Date "2017.07.27"]
[Round "7.114"]
[White "Frisk, Hans"]
[Black "Nesse, David"]
[Result "1-0"]
[WhiteElo "1997"]
[BlackElo "1718"]
[WhiteFideId "1708570"]
[BlackFideId "1519875"]
[EventDate "2017.07.22"]

1. Nf3 c5 2. b3 Nf6 3. Bb2 g6 4. e3 Bg7 5. c4 O-O 6. Be2 Nc6 7. O-O d6 8. d4
cxd4 9. Nxd4 Nxd4 10. exd4 Bf5 11. Bf3 Be4 12. Nc3 d5 13. Bxe4 dxe4 14. Re1 Qd6
15. Nxe4 Nxe4 16. Rxe4 f5 17. Re3 Rad8 18. Qe2 Bxd4 19. Bxd4 Qxd4 20. Re1 Rfe8
21. Rxe7 Rxe7 22. Qxe7 Qd7 23. h4 a6 24. h5 Qxe7 25. Rxe7 Rd1+ 26. Kh2 Rd2 27.
hxg6 hxg6 28. Rxb7 Rxf2 29. Rb6 Rxa2 30. Rxg6+ Kf7 31. Rb6 f4 32. Kh3 Kg7 33.
Kg4 Rxg2+ 34. Kxf4 Rb2 35. Ke5 Kf7 36. Kd6 a5 37. c5 Ke8 38. c6 a4 39. Rb8+ Kf7
40. Rb7+ Kf6 41. bxa4 Rd2+ 42. Kc7 Ra2 43. Kb8 1-0

[Event "Xtracon Chess Open 2017"]
[Site "Helsingor DEN"]
[Date "2017.07.27"]
[Round "7.115"]
[White "Svensson, Anders 1980"]
[Black "Marthedal, Anton Mehmet Yildiz"]
[Result "1-0"]
[WhiteElo "1723"]
[BlackElo "1993"]
[WhiteFideId "1727818"]
[BlackFideId "1441540"]
[EventDate "2017.07.22"]

1. e4 c6 2. c4 d5 3. cxd5 cxd5 4. exd5 Nf6 5. Nc3 Nxd5 6. Nf3 Bg4 7. Bc4 Nxc3 8.
bxc3 e6 9. Qa4+ Nd7 10. Ne5 a6 11. Nxg4 b5 12. Bxb5 axb5 13. Qxb5 Ra5 14. Qe2
Qa8 15. O-O h5 16. Ne3 Rxa2 17. Bb2 Rxa1 18. Rxa1 Qb7 19. Ra2 h4 20. Qa6 Qxa6
21. Rxa6 Bd6 1-0

[Event "Xtracon Chess Open 2017"]
[Site "Helsingor DEN"]
[Date "2017.07.27"]
[Round "7.116"]
[White "Meurman, Arne"]
[Black "Lindgaard, Tobias Simon"]
[Result "1-0"]
[WhiteElo "1980"]
[BlackElo "1705"]
[WhiteFideId "1704923"]
[BlackFideId "1419820"]
[EventDate "2017.07.22"]

1. e4 Nc6 2. Nf3 e5 3. Bb5 Nge7 4. Nc3 g6 5. d3 h6 6. Be3 Bg7 7. d4 a6 8. Bc4
O-O 9. Nxe5 Nxe5 10. dxe5 Bxe5 11. Bxh6 Re8 12. Qf3 d5 13. O-O-O Qd6 14. Nxd5
Qc6 15. Bb3 a5 16. Nxe7+ Rxe7 17. Rd8+ Kh7 18. Bg5 f6 19. Rxc8 Rxc8 20. Qh3+ Kg7
21. Qh6# 1-0